Equipos directivos para los tiempos que corren
Guardat en:
| Autor principal: | |
|---|---|
| Format: | Llibre |
| Idioma: | espanyol |
| Publicat: |
Santiago
Aguilar Chilena de Ediciones S. A
2014
|
| Edició: | 1a. ed |
| Matèries: | |
| Etiquetes: |
Afegir etiqueta
Sense etiquetes, Sigues el primer a etiquetar aquest registre!
|
MARC
| LEADER | 00000cam a2200000 a 4500 | ||
|---|---|---|---|
| 001 | UCD1264 | ||
| 003 | CL-VaPUC | ||
| 008 | 160121e20140000cl |||||||||||||||||spa|d | ||
| 020 | |a 9789563477610 | ||
| 082 | 0 | 4 | |a 305.50983 |b FER |2 21 |
| 100 | 0 | |a Fernández Koprich, Daniel |e author |9 584359 | |
| 245 | 1 | 0 | |a Equipos directivos para los tiempos que corren |
| 250 | |a 1a. ed | ||
| 300 | |a 267 p | ||
| 942 | |c BK | ||
| 945 | |d 20160121 16:41:00 |a dcastane | ||
| 260 | |a Santiago |b Aguilar Chilena de Ediciones S. A |c 2014 | ||
| 650 | 0 | |a Política y gobierno |9 255151 | |
| 650 | 0 | |a Condiciones económicas |9 258255 | |
| 650 | 0 | |a Condiciones sociales |9 257278 | |
| 650 | 7 | |a ELITE |2 CL-VaPUC |9 374366 | |
| 583 | |a last modification |c 20160121 16:41:00 |k Rodrigo Vera | ||
| 999 | |c 362634 |d 362632 | ||
| 952 | |0 0 |1 0 |3 erb |4 0 |6 305_509830000000000_FER_2014 |7 0 |8 A |9 474019 |a BIBENE |b BIBENE |i 5263891 |o 305.50983 FER 2014 |p 5263891 |r 2025-01-15 |w 2019-11-24 |y BK |z Catalogado en:20160121 |k ICO | ||